LEADER 01103cam0 22002893 450 001 SOBE00028410 005 20121108123755.0 010 $a0-19-814566-7 100 $a20121105d1968 |||||ita|0103 ba 101 $aeng 102 $aUS 200 1 $aLibellus De Sublimitate$fDionysio Longino fere adscriptus$grecognovit brevique adnotatione critica instruxit D. A. Russell 210 $aOxonii$ce typographeo Clarendoniano$dc1968 215 $aVIII, 94 p.$d18 cm 225 2 $aScriptorum classicorum bibliotheca Oxoniensis 410 1$1001LAEC00016747$12001 $a*Scriptorum classicorum bibliotheca Oxoniensis 700 0$aPseudo-Longinus$3A600200064814$4070$0189799 702 1$aRussell, D. A.$3SOBA00005137$4070 801 0$aIT$bUNISOB$c20121108$gRICA 850 $aUNISOB 852 $aUNISOB$j870|Coll|14|K$m76207 912 $aSOBE00028410 940 $aM 102 Monografia moderna SBN 941 $aM 957 $a870|Coll|14|K$b000025$fRistampa 1990$gSI$d76207$racquisto$tN$1cutolo$2UNISOB$3UNISOB$420121105130651.0$520121108155702.0$6cutolo 996 $aDe sublimitate$919483 997 $aUNISOB LEADER 01168nam0 22002531i 450 001 UON00413234 005 20231205104749.659 100 $a20121113d1973 |0itac50 ba 101 $ager 102 $aDE 105 $a|||| ||||| 200 1 $a"Himmlische Libes-Küsse" (1671)$eUntersuchungen zu Sprache und Bildlichkeit im Jugendwerk Quirin Kuhlmanns$fvorgelegt von Birgit Biehl-Werner 210 $aHamburg$cUniversität Hamburg$d1973 215 $a278 p.$d21 cm. Dissertation zur Erlangung Würde des Doktors der Philosophie der Universität Hamburg. 606 $aLetteratura tedesca$xSec. 17.-18.$3UONC046406$2FI 620 $aDE$dHamburg$3UONL003222 676 $a830.09$cLetteratura tedesca. Storia, descrizione, studi critici$v21 700 1$aBIEHL-WERNER$bBirgit$3UONV211104$0709294 801 $aIT$bSOL$c20251003$gRICA 899 $aSIBA - SISTEMA BIBLIOTECARIO DI ATENEO$2UONSI 912 $aUON00413234 950 $aSIBA - SISTEMA BIBLIOTECARIO DI ATENEO$dSI TED 20 II KUH - BIE $eSI ST 8578 6 $sBuono 996 $a"Himmlische Libes-Küsse" (1671$91342710 997 $aUNIOR